| 000 | 00835nam a22002297a 4500 | ||
|---|---|---|---|
| 999 |
_c20626 _d20626 |
||
| 005 | 20191209045102.0 | ||
| 008 | 191209b xxu||||| |||| 00| 0 spa d | ||
| 040 |
_aCO-BoIAVH _cCO-BoIAVH |
||
| 041 | _aeng | ||
| 044 | _ait | ||
| 082 |
_a614.433 _bD38b |
||
| 100 | _aDelle Cave, Laura | ||
| 245 | _aBiospeleology of the somaliland amblypygi (arachnida, chelicerata) of the caves of showli berdi and mugdile (bardera, somaliland). | ||
| 260 |
_aFlorencia: _bInstituto Experimental de Zoología Agrícola de Florencia, _c1986. |
||
| 300 |
_a170 Páginas: _bilustración y mapa, _c25 x 17 cm. |
||
| 500 | _aIncluye referencias bibliográficas. | ||
| 650 | 0 | _aArácnidos | |
| 650 | 0 | _aTaxonomía | |
| 650 | 0 | _aInvestigación científica | |
| 650 | 0 |
_aEspecímenes _xEstudio |
|
| 942 |
_2ddc _cLIBRO |
||